Представление документа в формате MARC21

Поле Инд. ПП Название Значение
Тип записи a
Библиографический уровень m
001 Контрольный номер RU/IS/BASE/359116951
005 Дата корректировки 20200622101135.7
040 a Служба первич. каталог. НБ ТвГУ
041 00 a Код языка текста rus
080 a Индекс УДК 821.161.1.09
084 a Индекс другой классификации/Индекс ББК Ш33(2=411.2)5
084 a Индекс другой классификации/Индекс ББК Ш33(2=411.2)5
090 a Полочн. индекс
x Авторский знак Б 68
100 _0 a Автор Благой Дмитрий Дмитриевич
d Дата 1893-1984
e Роль лиц Автор
245 10 a Заглавие От Кантемира до наших дней
b Продолж. заглавия в 2-х тмах
n Номер части/ раздела Т. 2
c Ответственность Д. Д. Благой
250 a Основные сведения об издании 2-е изд.
260 a Место издания Москва
b Издательство Художественная литература
c Дата издания 1979
300 a Объем 510,[2] с., [1] л. портр.
504 a Библиография Библиогр. в подстроч. примеч.
653 0_ a Ключевые слова 18-20 вв.
a Ключевые слова Литература
a Ключевые слова Русская литература
a Ключевые слова История русской литературы
901 t Тип документа m
920 a Оператор Лиси
a Оператор Суха
930 a Новая/Ретро ретро
954 a Дата поступления на обработку 20110519
954 a Дата поступления на обработку 20200622